000
00294nam a2200133Ia 4500
100
_a
Brumbaugh/J.E
942
_c
BK
654
_a
Handbook
245
_a
Welders Guide And Handbook
260
_b
D.B.Taraporevala & Sons
_a
Bombay
_c
1983
082
_a
671.5
300
_a
918
546
_a
ENGLISH
999
_c
29028
_d
29028